LIBRARY ONLINE CATALOGUE

Teaching Deuteronomy : (Record no. 10456)

MARC details
000 -LEADER
fixed length control field 00545nam a22001812 4500
001 - CONTROL NUMBER
control field 0000025126
005 - DATE AND TIME OF LATEST TRANSACTION
control field 20151217152308.0
008 - FIXED-LENGTH DATA ELEMENTS--GENERAL INFORMATION
fixed length control field 141205s xx 000 0 eng d
020 ## - INTERNATIONAL STANDARD BOOK NUMBER
International Standard Book Number 1908317322 :
040 ## - CATALOGING SOURCE
Original cataloging agency KABU
Transcribing agency KABU
245 10 - TITLE STATEMENT
Title Teaching Deuteronomy :
Remainder of title talk outlines for the book of deuteronomy.
260 ## - PUBLICATION, DISTRIBUTION, ETC. (IMPRINT)
Place of publication, distribution, etc. UK :
Name of publisher, distributor, etc. Th Good Book Company,
Date of publication, distribution, etc. 2014.
300 ## - PHYSICAL DESCRIPTION
Extent 103 p.
650 #0 - SUBJECT ADDED ENTRY--TOPICAL TERM
Topical term or geographic name as entry element Bible.Deuteronomy
General subdivision study and teaching.
-- 0000185536
908 ## - PUT COMMAND PARAMETER (RLIN)
Put command parameter 141205
950 ## - LOCAL HOLDINGS (RLIN)
-- 1
Holdings
Withdrawn status Lost status Source of classification or shelving scheme Not for loan Home library Current library Date acquired Total Checkouts Full call number Barcode Date last seen Date last checked out Price effective from Koha item type
    Library of Congress Classification   Kabarak, Main Campus Kabarak, Main Campus 17/12/2015 1 BS1275.5 .T43 2014 c. 1 017338 27/10/2025 24/10/2025 17/12/2015 General Collection